000 00305nam a22001337a 4500
020 _a978-93-5482-479-1
082 _a894.812.3
_bKRI/P
100 _aKRISHNAMOORTHI, KALKKI
245 _aPONNIYIL SELVAN
260 _aKOTTAYAM
_bDC BOOKS
300 _a582
650 _aMALAYALAM NOVEL
_zKERALA
942 _cBK
999 _c7177
_d7177